Skolarikos Greek shipowners list : 1989-90

Αποθηκεύτηκε σε:
Λεπτομέρειες βιβλιογραφικής εγγραφής
Μορφή: Βιβλίο
Γλώσσα:English
Δημοσίευση: Piraeus : Skolarikos Publications SA, [199;]
Θέματα:
Ετικέτες: Προσθήκη ετικέτας
Δεν υπάρχουν, Καταχωρήστε ετικέτα πρώτοι!

MARC

LEADER 00000cam a2200000 i 4500
001 1/53782
008 980331s eng d
035 |l 10027575 
040 |a GR-MY-UA  |b gre  |e aacr 
041 0 |a eng 
082 0 |a 387.5 
245 1 0 |a Skolarikos Greek shipowners list :  |b 1989-90 
260 |a Piraeus :   |b Skolarikos Publications SA,   |c [199;] 
300 |a 880 p. 
650 0 0 |a Shipping. 
852 |a INST  |b CHIOS  |e 19980331  |h 387.5 SKO  |p 005200009635  |q 005200009635  |t REF  |y 23 
901 |a BIBL-1998-1 
909 |a Χ  |b 054565